[Event "Rocca Priora op 6th"]
[Site "Rocca Priora"]
[Date "2012.08.15"]
[Round "7"]
[White "Spano Cuomo, Gaetano"]
[Black "Ravagnani, Tiziano"]
[Result "1-0"]
[WhiteElo "1804"]
[BlackElo "1998"]
[PlyCount "109"]
[EventDate "2012.08.11"]
[EventType "swiss"]
[EventRounds "7"]
[EventCountry "ITA"]
[SourceTitle "EXT 2014"]
[Source "ChessBase"]
[SourceDate "2013.11.20"]
[SourceVersion "1"]
[SourceVersionDate "2013.11.20"]
[SourceQuality "1"]

1. d4 Nf6 2. c4 g6 3. Nc3 d5 4. e3 Bg7 5. Nf3 c5 6. dxc5 Qa5 7. Bd2 Qxc5 8. cxd5 0-0 9. Rc1 Na6 10. Qb3 Qd6 11. Be2 Nc5 12. Qc4 Bd7 13. Nb5 Bxb5 14. Qxc5 Bxe2 15. Qxd6 exd6 16. Kxe2 Nxd5 17. Rc2 Rfe8 18. Rhc1 Nf4+ 19. Kf1 Nd3 20. Rd1 a5 21. Ne1 Ne5 22. Ke2 b5 23. b3 b4 24. Bc1 Rac8 25. Bb2 Nc6 26. Bxg7 Kxg7 27. Kd2 Na7 28. Rdc1 Rcd8 29. Nf3 Nb5 30. Nd4 Nc3 31. f3 d5 32. a4 f5 33. f4 Re4 34. Nc6 Rde8 35. Ne5 d4 36. exd4 Rxd4+ 37. Ke3 Re4+ 38. Kf3 Nd5 39. g3 Re3+ 40. Kf2 Rxb3 41. Rc5 Rb2+ 42. Kg1 Nc3 43. Re1 Rd8 44. Rc7+ Kg8 45. Nd7 Nd5 46. Ra7 Rd2 47. Nc5 Rc2 48. Rxa5 Rc8 49. Nb3 Nf6 50. Rb5 Rb2 51. Rxb4 Rcc2 52. Rb8+ Kg7 53. Rb7+ Kh6 54. Nc5 Rxc5 55. Rxb2 1-0

[Event "Rocca Priora op 6th"]
[Site "Rocca Priora"]
[Date "2012.08.13"]
[Round "3"]
[White "Carnicelli, Valerio"]
[Black "Spano Cuomo, Gaetano"]
[Result "1-0"]
[WhiteElo "1998"]
[BlackElo "1804"]
[PlyCount "83"]
[EventDate "2012.08.11"]
[EventType "swiss"]
[EventRounds "7"]
[EventCountry "ITA"]
[SourceTitle "EXT 2014"]
[Source "ChessBase"]
[SourceDate "2013.11.20"]
[SourceVersion "1"]
[SourceVersionDate "2013.11.20"]
[SourceQuality "1"]

1. e4 d6 2. d4 g6 3. Nc3 Bg7 4. Be3 e6 5. f3 Ne7 6. g4 c6 7. Nce2 Nd7 8. h4 h5 9. g5 b6 10. Ng3 Bb7 11. Bd3 c5 12. c3 Rc8 13. N1e2 Nc6 14. Qd2 d5 15. e5 c4 16. Bc2 b5 17. Nf4 Ne7 18. Bxg6 Nxg6 19. Ngxh5 Bf8 20. Nxg6 Rxh5 21. Qc2 Be7 22. 0-0-0 Nf8 23. Nf4 Rh8 24. Rdg1 Bxg5 25. hxg5 Rxh1 26. Rxh1 Qxg5 27. Nxd5 Qg3 28. Nf6+ Ke7 29. Rg1 Qxf3 30. Bg5 Ng6 31. Ne4+ Kd7 32. Nc5+ Rxc5 33. dxc5 Nxe5 34. Qh2 Nd3+ 35. Kb1 e5 36. Qh8 Qf2 37. Qd8+ Ke6 38. Qe7+ Kf5 39. Qxf7+ Ke4 40. Qxb7+ Kf5 41. Qh7+ Ke6 42. Qh3+ 1-0

[Event "ITA-ch C"]
[Site "Civitanova Marche"]
[Date "2012.07.19"]
[Round "5"]
[White "Benenati, Gianfranco"]
[Black "Spano Cuomo, Gaetano"]
[Result "1-0"]
[WhiteElo "1916"]
[BlackElo "1781"]
[PlyCount "138"]
[EventDate "2012.07.15"]
[EventType "swiss"]
[EventRounds "8"]
[EventCountry "ITA"]
[SourceTitle "EXT 2023"]
[Source "ChessBase"]
[SourceDate "2022.10.05"]
[SourceVersion "1"]
[SourceVersionDate "2022.10.05"]
[SourceQuality "1"]

1. e4 d6 2. d4 e6 3. Nf3 Nf6 4. Nc3 Be7 5. Bc4 c5 6. dxc5 dxc5 7. 0-0 a6 8. a4 Qc7 9. Bg5 Nc6 10. Bh4 b6 11. Bg3 Qb7 12. e5 Nh5 13. Qe2 Nxg3 14. fxg3 Qc7 15. Rad1 Bb7 16. Bd3 0-0 17. Kh1 Nb4 18. Be4 Nc6 19. Qe3 Rad8 20. Ng5 Bxg5 21. Qxg5 Ne7 22. h4 Nd5 23. Nxd5 exd5 24. Bf3 d4 25. h5 h6 26. Qf5 Bxf3 27. gxf3 Qd7 28. Qxd7 Rxd7 29. b3 Re8 30. Rd3 b5 31. axb5 axb5 32. Kg2 Kf8 33. f4 Ke7 34. Kf3 Ke6 35. Ke4 f5+ 36. Kf3 Ra8 37. Ke2 Ra2 38. Rc1 Kd5 39. Rd2 c4 40. bxc4+ bxc4 41. Rcd1 Kc5 42. Rc1 Rb7 43. Kd1 Kd5 44. Ke2 Rbb2 45. Kd1 Ra3 46. c3 Rxd2+ 47. Kxd2 d3 48. Rb1 Ra2+ 49. Ke3 Rg2 50. Kf3 Rc2 51. Rb6 Kc5 52. Rb7 Rxc3 53. Rd7 Ra3 54. e6 Ra8 55. g4 fxg4+ 56. Kxg4 Kb4 57. Kf3 Kc3 58. Ke3 Kc2 59. f5 Ra5 60. Kf4 d2 61. e7 Ra8 62. Rd8 d1Q 63. Rxa8 Qd6+ 64. Kg4 Qxe7 65. Ra2+ Kb3 66. Rf2 Qe4+ 67. Kh3 Qe3+ 68. Kg2 Qxf2+ 69. Kxf2 c3 1-0

[Event "ITA-ch Seniors 34th"]
[Site "Arvier"]
[Date "2012.04.18"]
[Round "5"]
[White "Spano Cuomo, Gaetano"]
[Black "Palermiti, Francesco"]
[Result "0-1"]
[WhiteElo "1802"]
[BlackElo "1545"]
[PlyCount "77"]
[EventDate "2012.04.14"]
[EventType "swiss"]
[EventRounds "9"]
[EventCountry "ITA"]
[SourceTitle "CBM 148 Extra"]
[Source "ChessBase"]
[SourceDate "2012.06.22"]
[SourceVersion "1"]
[SourceVersionDate "2012.06.22"]
[SourceQuality "1"]

1. c4 c5 2. Nc3 e6 3. e3 Nf6 4. d4 cxd4 5. exd4 Qa5 6. Bd2 Bb4 7. a3 Bxc3 8. Bxc3 Qc7 9. Nf3 d6 10. Bd3 b6 11. Rc1 Nbd7 12. 0-0 0-0 13. Re1 Bb7 14. b3 Rfe8 15. Bb1 Rac8 16. Qd3 Qd8 17. Nd2 d5 18. Qh3 a5 19. cxd5 Bxd5 20. b4 g6 21. Nf1 axb4 22. Bxb4 Nh5 23. Rxc8 Qxc8 24. Bd2 Qc4 25. Qe3 Qc7 26. Bd3 Ndf6 27. Rc1 Qb7 28. f3 Qb8 29. g4 Ng7 30. Qe5 Qa8 31. Bg5 Nd7 32. Qe3 f6 33. Bh4 g5 34. Bf2 Nf8 35. Bc4 Ng6 36. Qc3 Nf4 37. Bxd5 Nxd5 38. Kg2 Nxc3 39. Rxc3 0-1

[Event "ITA-ch Seniors 34th"]
[Site "Arvier"]
[Date "2012.04.17"]
[Round "4"]
[White "Spano Cuomo, Gaetano"]
[Black "Zangrando, Gianpietro"]
[Result "1-0"]
[WhiteElo "1802"]
[BlackElo "1780"]
[PlyCount "65"]
[EventDate "2012.04.14"]
[EventType "swiss"]
[EventRounds "9"]
[EventCountry "ITA"]
[SourceTitle "CBM 148 Extra"]
[Source "ChessBase"]
[SourceDate "2012.06.22"]
[SourceVersion "1"]
[SourceVersionDate "2012.06.22"]
[SourceQuality "1"]

1. d4 e6 2. c4 f5 3. f4 Nf6 4. Nf3 Ne4 5. Nc3 Nxc3 6. bxc3 d6 7. e3 Nd7 8. Bd3 Nf6 9. Qc2 g6 10. 0-0 Bg7 11. Bb2 0-0 12. Rad1 b6 13. Nd2 Bb7 14. Rfe1 Nh5 15. Be2 Nf6 16. Bf3 Bxf3 17. Nxf3 Ne4 18. Ba3 Qc8 19. d5 exd5 20. cxd5 Bxc3 21. Nd2 Bxd2 22. Rxd2 Nxd2 23. Qxd2 Qd8 24. Bb2 Kf7 25. Qd4 Rg8 26. e4 Qd7 27. e5 dxe5 28. fxe5 Qc8 29. e6+ Ke8 30. Qe5 h6 31. Rc1 Rf8 32. Rxc7 Qb8 33. Qd6 1-0

[Event "ITA-ch Seniors 34th"]
[Site "Arvier"]
[Date "2012.04.16"]
[Round "3"]
[White "Laco, Giuseppe"]
[Black "Spano Cuomo, Gaetano"]
[Result "1-0"]
[WhiteElo "2098"]
[BlackElo "1802"]
[PlyCount "87"]
[EventDate "2012.04.14"]
[EventType "swiss"]
[EventRounds "9"]
[EventCountry "ITA"]
[SourceTitle "CBM 148 Extra"]
[Source "ChessBase"]
[SourceDate "2012.06.22"]
[SourceVersion "1"]
[SourceVersionDate "2012.06.22"]
[SourceQuality "1"]

1. c4 c5 2. Nc3 Nc6 3. f4 Nf6 4. e4 d6 5. d3 Bg4 6. Qd2 g6 7. h3 Be6 8. Nf3 Bg7 9. g4 Nd7 10. Bg2 Nb6 11. 0-0 h5 12. g5 Qd7 13. Kh2 f6 14. Rb1 Bg4 15. Nh4 fxg5 16. Nxg6 Rh6 17. f5 Rxg6 18. fxg6 Be5+ 19. Kh1 Bxh3 20. Qxg5 0-0-0 21. g7 Qg4 22. Qxg4+ Bxg4 23. Bh6 Nd7 24. Rf8 Be6 25. Rbf1 Bf6 26. Nd5 Nce5 27. Nf4 Bg8 28. Nxh5 Nf7 29. Rxd8+ Kxd8 30. Bc1 Bd4 31. Bh3 Nf6 32. Nxf6 Bxf6 33. Rg1 Ne5 34. Bf1 Ke8 35. Be2 Nc6 36. Bh5+ Kd8 37. a3 a5 38. b3 Nd4 39. Bd1 Ke8 40. Bh6 Kf7 41. Rg2 Bh7 42. g8Q+ Bxg8 43. Bh5+ Ke6 44. Rxg8 1-0

[Event "Salerno op"]
[Site "Salerno "]
[Date "2012.01.29"]
[Round "5"]
[White "Maddaloni, Giovanni"]
[Black "Spano Cuomo, Gaetano"]
[Result "1-0"]
[WhiteElo "1770"]
[BlackElo "1804"]
[PlyCount "31"]
[EventDate "2012.01.27"]
[EventType "swiss"]
[EventRounds "6"]
[EventCountry "ITA"]
[SourceTitle "EXT 2014"]
[Source "ChessBase"]
[SourceDate "2013.11.20"]
[SourceVersion "1"]
[SourceVersionDate "2013.11.20"]
[SourceQuality "1"]

1. e4 e5 2. Nf3 Nc6 3. Bb5 a6 4. Ba4 Nf6 5. 0-0 Be7 6. d3 b5 7. Bb3 d6 8. h3 Be6 9. Nc3 Na5 10. Bxe6 fxe6 11. d4 exd4 12. Nxd4 Qd7 13. b3 0-0 14. Bb2 Nc6 15. Re1 Ne8 16. f3 1-0

[Event "Salerno op"]
[Site "Salerno "]
[Date "2012.01.29"]
[Round "6"]
[White "Panariello, Francesco"]
[Black "Spano Cuomo, Gaetano"]
[Result "0-1"]
[WhiteElo "1756"]
[BlackElo "1804"]
[PlyCount "56"]
[EventDate "2012.01.27"]
[EventType "swiss"]
[EventRounds "6"]
[EventCountry "ITA"]
[SourceTitle "EXT 2014"]
[Source "ChessBase"]
[SourceDate "2013.11.20"]
[SourceVersion "1"]
[SourceVersionDate "2013.11.20"]
[SourceQuality "1"]

1. d4 d5 2. Nf3 Nf6 3. e3 Bg4 4. c4 c6 5. Nc3 Nbd7 6. h3 Bh5 7. g4 Bg6 8. Nh4 e6 9. Nxg6 hxg6 10. cxd5 Nxd5 11. Nxd5 cxd5 12. a3 Qb6 13. f4 Bd6 14. Qc2 Ke7 15. Bd2 Rac8 16. Bc3 a6 17. g5 Qc6 18. Bd3 Nb6 19. Rc1 Nc4 20. Kf2 Rh7 21. Qe2 Rch8 22. Kg3 Rh4 23. Bd2 Qd7 24. Bxc4 dxc4 25. Qxc4 e5 26. Qf1 exf4+ 27. exf4 Qf5 28. Bb4 Qxg5+ 0-1

[Event "Salerno op"]
[Site "Salerno "]
[Date "2012.01.28"]
[Round "4"]
[White "Spano Cuomo, Gaetano"]
[Black "De Felice, Michele"]
[Result "1/2-1/2"]
[WhiteElo "1804"]
[BlackElo "1845"]
[PlyCount "99"]
[EventDate "2012.01.27"]
[EventType "swiss"]
[EventRounds "6"]
[EventCountry "ITA"]
[SourceTitle "EXT 2014"]
[Source "ChessBase"]
[SourceDate "2013.11.20"]
[SourceVersion "1"]
[SourceVersionDate "2013.11.20"]
[SourceQuality "1"]

1. d4 d5 2. c4 c6 3. e3 Nf6 4. Nf3 e6 5. Nc3 Nbd7 6. Be2 Bd6 7. 0-0 0-0 8. Qc2 dxc4 9. Bxc4 b5 10. Bd3 Bb7 11. Ng5 h6 12. Nge4 Be7 13. Nxf6+ Nxf6 14. Ne4 Nxe4 15. Bxe4 Qc7 16. b3 Rac8 17. Bb2 c5 18. dxc5 Bxe4 19. Qxe4 Qxc5 20. Rac1 Qg5 21. f4 Qd5 22. Qxd5 exd5 23. Rfd1 Bc5 24. Bd4 Bxd4 25. exd4 f6 26. Rc5 Rxc5 27. dxc5 Rc8 28. b4 Kf7 29. Kf2 d4 30. Rd3 Ke6 31. Ke2 Kd5 32. Rg3 g5 33. fxg5 hxg5 34. Kd3 a5 35. a3 axb4 36. axb4 Ra8 37. Rf3 Ke5 38. Rf2 Ra3+ 39. Ke2 Rb3 40. g4 Rxb4 41. Rf5+ Ke6 42. Kd3 Rc4 43. c6 Rxc6 44. Rxb5 Rd6 45. h4 gxh4 46. Rh5 Rd8 47. Rxh4 Kd5 48. Rh5+ Ke6 49. Rf5 Rg8 50. Rf4 1/2-1/2

[Event "Porto San Giorgio op 23rd"]
[Site "Porto San Giorgio"]
[Date "2011.08.22"]
[Round "2"]
[White "Luzi, Alessandro"]
[Black "Spano Cuomo, Gaetano"]
[Result "1-0"]
[WhiteElo "1920"]
[BlackElo "1805"]
[PlyCount "53"]
[EventDate "2011.08.21"]
[EventType "swiss"]
[EventRounds "9"]
[EventCountry "ITA"]
[SourceTitle "CBM 144 Extra"]
[Source "ChessBase"]
[SourceDate "2011.10.28"]
[SourceVersion "1"]
[SourceVersionDate "2011.10.28"]
[SourceQuality "1"]

1. e4 c5 2. Nf3 Nc6 3. d4 cxd4 4. Nxd4 Nf6 5. Nc3 d6 6. Be2 e5 7. Nb3 Be7 8. 0-0 a6 9. f4 exf4 10. Bxf4 Ne5 11. h3 b5 12. a3 Bb7 13. Bd3 Qb6+ 14. Kh1 Nfd7 15. Qe1 Bf6 16. Be3 Qc7 17. Nd4 Nc5 18. Rd1 Ncxd3 19. cxd3 Nd7 20. Rc1 Qd8 21. Nf5 Nc5 22. Rd1 g6 23. Nxd6+ Qxd6 24. Bxc5 Qxc5 25. Rxf6 0-0 26. Qf2 Qe7 27. Qh4 1-0

[Event "Porto San Giorgio op 23rd"]
[Site "Porto San Giorgio"]
[Date "2011.08.21"]
[Round "1"]
[White "Spano Cuomo, Gaetano"]
[Black "Zamengo, Fulvio"]
[Result "0-1"]
[WhiteElo "1805"]
[BlackElo "2007"]
[PlyCount "86"]
[EventDate "2011.08.21"]
[EventType "swiss"]
[EventRounds "9"]
[EventCountry "ITA"]
[SourceTitle "CBM 144 Extra"]
[Source "ChessBase"]
[SourceDate "2011.10.28"]
[SourceVersion "1"]
[SourceVersionDate "2011.10.28"]
[SourceQuality "1"]

1. d4 Nf6 2. c4 c5 3. d5 b5 4. cxb5 a6 5. b6 d6 6. Nc3 Nbd7 7. e4 g6 8. Nf3 Bg7 9. Nd2 0-0 10. Be2 Nxb6 11. 0-0 Bb7 12. Nc4 Nxc4 13. Bxc4 Nd7 14. Be3 Nb6 15. Be2 Re8 16. Qc2 Qc7 17. Rad1 e6 18. dxe6 fxe6 19. Bf4 Rad8 20. Rd2 Rf8 21. Be3 d5 22. exd5 exd5 23. Na4 Nxa4 24. Qxa4 d4 25. Bg5 Rb8 26. Bxa6 Bxa6 27. Qxa6 Qe5 28. h4 Rfe8 29. g3 Qd5 30. b3 Ra8 31. Qd3 h6 32. Bxh6 Bxh6 33. Qxg6+ Bg7 34. Qd3 Ra7 35. Re2 Rae7 36. Rfe1 Rxe2 37. Rxe2 Rxe2 38. Qxe2 d3 39. Qd1 d2 40. Kf1 Kf7 41. Ke2 Bc3 42. f3 Qe5+ 43. Kd3 Qe1 0-1

[Event "Rome Accademia Inverno op"]
[Site "Rome"]
[Date "2011.02.12"]
[Round "3"]
[White "Stirpe, Claudio"]
[Black "Spano Cuomo, Gaetano"]
[Result "1-0"]
[WhiteElo "2004"]
[BlackElo "1792"]
[PlyCount "43"]
[EventDate "2011.02.11"]
[EventType "swiss"]
[EventRounds "5"]
[EventCountry "ITA"]
[SourceTitle "EXT 2023"]
[Source "ChessBase"]
[SourceDate "2022.10.05"]
[SourceVersion "1"]
[SourceVersionDate "2022.10.05"]
[SourceQuality "1"]

1. d4 d5 2. c4 e6 3. Nc3 Nf6 4. Bg5 Be7 5. e3 h6 6. Bh4 0-0 7. Nf3 c6 8. Qc2 Nbd7 9. 0-0-0 a6 10. c5 b5 11. Bd3 a5 12. a3 a4 13. g4 b4 14. Nxa4 Ne4 15. Bxe7 Qxe7 16. Bxe4 dxe4 17. Nd2 f5 18. b3 Ba6 19. Nb2 Nf6 20. Nbc4 Nd5 21. Rdf1 Qa7 22. a4 1-0

[Event "Porto San Giorgio Weekend-B 13th"]
[Site "Porto San Giorgio"]
[Date "2010.11.21"]
[Round "3"]
[White "Maggiore, Francesco"]
[Black "Spano Cuomo, Gaetano"]
[Result "0-1"]
[WhiteElo "1751"]
[BlackElo "1784"]
[PlyCount "44"]
[EventDate "2010.11.20"]
[EventType "swiss"]
[EventRounds "6"]
[EventCountry "ITA"]
[SourceTitle "EXT 2024"]
[Source "ChessBase"]
[SourceDate "2023.10.10"]
[SourceVersion "1"]
[SourceVersionDate "2023.10.10"]
[SourceQuality "1"]

1. e4 c5 2. Nf3 Nc6 3. d4 cxd4 4. Nxd4 d6 5. Bb5 Bd7 6. Nc3 a6 7. Bxc6 bxc6 8. 0-0 e5 9. Nf3 Nf6 10. h3 Qc7 11. Bg5 h6 12. Be3 Be7 13. Qd3 0-0 14. Rad1 Be6 15. Ne2 d5 16. Ne1 dxe4 17. Qc3 Nd5 18. Qd2 f5 19. f3 f4 20. Bxf4 exf4 21. Ra1 Ne3 22. Rf2 Bc5 0-1

[Event "Porto San Giorgio Weekend-B 13th"]
[Site "Porto San Giorgio"]
[Date "2010.11.20"]
[Round "2"]
[White "Spano Cuomo, Gaetano"]
[Black "Basso, Fabrizio"]
[Result "0-1"]
[WhiteElo "1784"]
[BlackElo "1730"]
[PlyCount "88"]
[EventDate "2010.11.20"]
[EventType "swiss"]
[EventRounds "6"]
[EventCountry "ITA"]
[SourceTitle "EXT 2024"]
[Source "ChessBase"]
[SourceDate "2023.10.10"]
[SourceVersion "1"]
[SourceVersionDate "2023.10.10"]
[SourceQuality "1"]

1. d4 Nf6 2. c4 e6 3. Nc3 b6 4. e4 Bb7 5. Be3 Nxe4 6. Nf3 Nxc3 7. bxc3 d6 8. Bd3 Nd7 9. 0-0 Nf6 10. Nd2 Be7 11. f3 0-0 12. Qc2 Qd7 13. Bf4 Rac8 14. Ne4 Nxe4 15. fxe4 f6 16. e5 f5 17. Rfe1 d5 18. cxd5 Qxd5 19. Qe2 c5 20. Bc4 Qd7 21. Red1 cxd4 22. Be3 Qc6 23. Rxd4 Bc5 24. Bb5 Qc7 25. Bd7 Bxd4 26. Bxe6+ Kh8 27. Bxd4 Rce8 28. Bb3 f4 29. Bc2 Re6 30. Rf1 Bd5 31. Bb3 Bxb3 32. axb3 Qc6 33. Rf3 g5 34. Qf2 Qe4 35. b4 g4 36. Re3 Qf5 37. Re1 h5 38. Qe2 f3 39. gxf3 gxf3 40. Qf2 Rg8+ 41. Kh1 Rg2 42. Qh4 Kh7 43. Qe4 Kg6 44. Qa8 Rxh2+ 0-1

[Event "Fermo Provinciale-ch FM"]
[Site "Porto San Giorgio"]
[Date "2010.01.24"]
[Round "3"]
[White "Spano Cuomo, Gaetano"]
[Black "Tittarelli, Elena"]
[Result "1-0"]
[WhiteElo "1819"]
[BlackElo "1365"]
[PlyCount "77"]
[EventDate "2010.01.23"]
[EventType "swiss"]
[EventRounds "6"]
[EventCountry "ITA"]
[SourceTitle "EXT 2024"]
[Source "ChessBase"]
[SourceDate "2023.10.10"]
[SourceVersion "1"]
[SourceVersionDate "2023.10.10"]
[SourceQuality "1"]

1. d4 d5 2. c4 c6 3. e3 Bf5 4. Nc3 Nf6 5. Nf3 Nbd7 6. Be2 e6 7. 0-0 Bd6 8. h3 Ne4 9. Bd2 Nxd2 10. Nxd2 0-0 11. c5 Bc7 12. f4 h6 13. b4 b5 14. cxb6 axb6 15. a4 Bd6 16. Qb3 c5 17. b5 c4 18. Qb2 Qe7 19. e4 dxe4 20. Ndxe4 Bxe4 21. Nxe4 Rfc8 22. Nxd6 Qxd6 23. Qc3 Qd5 24. Bf3 Qd6 25. Bxa8 Rxa8 26. Qxc4 Qb8 27. d5 exd5 28. Qxd5 Qc8 29. Rfc1 Nc5 30. a5 Kh8 31. a6 Ra7 32. Rxc5 bxc5 33. Rc1 Rc7 34. b6 Rd7 35. b7 Qc7 36. Qxd7 Qxd7 37. b8Q+ Kh7 38. a7 Qd4+ 39. Kh1 1-0

[Event "Rome d'Inverno op"]
[Site "Rome"]
[Date "2009.02.07"]
[Round "2"]
[White "Vespe, Francesco"]
[Black "Spano Cuomo, Gaetano"]
[Result "1-0"]
[WhiteElo "1994"]
[BlackElo "1840"]
[PlyCount "47"]
[EventDate "2009.02.06"]
[EventType "swiss"]
[EventRounds "5"]
[EventCountry "ITA"]
[SourceTitle "EXT 2011"]
[Source "ChessBase"]
[SourceDate "2010.11.26"]
[SourceVersion "1"]
[SourceVersionDate "2010.11.26"]
[SourceQuality "1"]

1. d4 e6 2. c4 d5 3. Nc3 Nf6 4. Bg5 Be7 5. e3 0-0 6. Nf3 Nbd7 7. Rc1 Re8 8. Bd3 Nf8 9. 0-0 c6 10. Ne5 N6d7 11. Bf4 Nxe5 12. Bxe5 f5 13. g4 fxg4 14. Qxg4 Bf6 15. f4 dxc4 16. Bxc4 Ng6 17. Ne4 Kh8 18. Rf3 Bxe5 19. fxe5 Qh4 20. Qg2 Qe7 21. Rh3 Kg8 22. Nd6 Rf8 23. Qg4 Nh8 24. Nxc8 1-0

[Event "Porto Sant Elpidio op-A 11th"]
[Site "Porto Sant Elpidio"]
[Date "2008.11.30"]
[Round "6"]
[White "Spano Cuomo, Gaetano"]
[Black "Sagripanti, Michele"]
[Result "0-1"]
[WhiteElo "1852"]
[BlackElo "1825"]
[PlyCount "104"]
[EventDate "2008.11.22"]
[EventType "swiss"]
[EventRounds "6"]
[EventCountry "ITA"]
[SourceTitle "EXT 2011"]
[Source "ChessBase"]
[SourceDate "2010.11.26"]
[SourceVersion "1"]
[SourceVersionDate "2010.11.26"]
[SourceQuality "1"]

1. d4 Nf6 2. c4 g6 3. Nc3 d5 4. e3 Bg7 5. f4 0-0 6. Nf3 Nbd7 7. cxd5 Nb6 8. e4 Bg4 9. Be2 Ne8 10. Be3 Nd6 11. b3 f5 12. Ng5 Bxe2 13. Qxe2 Qd7 14. Ne6 Nxe4 15. Nxe4 fxe4 16. Nxg7 Kxg7 17. 0-0 Nxd5 18. Bd2 Qe6 19. Rae1 Nf6 20. Rf3 Qd6 21. Re3 Rad8 22. Kh1 c5 23. d5 Qxd5 24. Bc3 Kg8 25. Bxf6 exf6 26. Rxe4 Qd3 27. h3 Qxe2 28. R1xe2 Rd7 29. b4 Rc8 30. Rc4 Kf7 31. bxc5 b5 32. Rc1 Rd4 33. Rce1 Rc7 34. g3 Rc4 35. Re8 R4xc5 36. Rh8 Rh5 37. Ree8 Rxh3+ 38. Kg2 Rh5 39. g4 Rh4 40. Kg3 g5 41. fxg5 fxg5 42. Rhf8+ Kg7 43. Rg8+ Kf6 44. Rgf8+ Rf7 45. Rxf7+ Kxf7 46. Ra8 Ke6 47. Rxa7 Kd5 48. a4 b4 49. Ra5+ Kc4 50. Rxg5 Rh1 51. a5 b3 52. Rg7 b2 0-1

[Event "Porto Sant Elpidio op-A 10th"]
[Site "Porto Sant Elpidio"]
[Date "2007.11.25"]
[Round "2"]
[White "Rinaudo, Andrea"]
[Black "Spano Cuomo, Gaetano"]
[Result "1/2-1/2"]
[WhiteElo "2119"]
[BlackElo "1879"]
[PlyCount "106"]
[EventDate "2007.11.24"]
[EventType "swiss"]
[EventRounds "6"]
[EventCountry "ITA"]
[SourceTitle "EXT 2010"]
[Source "ChessBase"]
[SourceDate "2010.11.25"]
[SourceVersion "1"]
[SourceVersionDate "2010.11.25"]
[SourceQuality "1"]

1. e4 e5 2. Nf3 Nc6 3. Nc3 Bc5 4. Bb5 Nge7 5. 0-0 a6 6. Bc4 d6 7. a3 Be6 8. Bxe6 fxe6 9. Ng5 Qd7 10. Qh5+ Ng6 11. Qg4 0-0-0 12. Qxe6 Nd4 13. Qxd7+ Rxd7 14. b4 Ba7 15. Ra2 h6 16. Nh3 Rf7 17. d3 Rhf8 18. Be3 Nb5 19. Nd1 Bxe3 20. Nxe3 Nc3 21. Raa1 Ne7 22. Rfe1 b5 23. f3 g6 24. Nf2 Nc6 25. Nfd1 Nxd1 26. Raxd1 Nd4 27. c3 Ne6 28. d4 exd4 29. cxd4 Kb7 30. Rd2 Ng5 31. Rf1 h5 32. Rc2 h4 33. h3 Ne6 34. Rd1 Nf4 35. Rdc1 Ne6 36. Nd5 Rc8 37. Rd1 c6 38. Ne3 Nf4 39. Kf2 Rcf8 40. Rc3 Rc8 41. d5 cxd5 42. Rxc8 Kxc8 43. Rc1+ Kb7 44. Rd1 dxe4 45. fxe4 Nd5+ 46. Ke2 Nc3+ 47. Kd3 Nxd1 48. Nxd1 Rf1 49. Ne3 Ra1 50. Nc2 Ra2 51. Kc3 Kc6 52. Kb3 Rxc2 53. Kxc2 d5 1/2-1/2

[Event "Bratto op-B 27th"]
[Site "Bratto"]
[Date "2007.08.31"]
[Round "8"]
[White "Proietti, Giorgio"]
[Black "Spano Cuomo, Gaetano"]
[Result "1-0"]
[WhiteElo "1878"]
[BlackElo "1861"]
[PlyCount "81"]
[EventDate "2007.08.24"]
[EventType "swiss"]
[EventRounds "8"]
[EventCountry "ITA"]
[SourceTitle "CBM 120 Extra"]
[Source "ChessBase"]
[SourceDate "2007.11.01"]
[SourceVersion "1"]
[SourceVersionDate "2007.11.01"]
[SourceQuality "1"]

1. d4 f5 2. e4 fxe4 3. Nc3 Nf6 4. Bg5 e6 5. Nxe4 Be7 6. Bxf6 Bxf6 7. Nf3 b6 8. Bd3 Bb7 9. Qe2 Qe7 10. c3 c5 11. dxc5 bxc5 12. 0-0 0-0 13. Rad1 d5 14. Nxf6+ gxf6 15. Rfe1 e5 16. Bf5 Kh8 17. Nh4 Qf7 18. Qe3 Na6 19. Qh3 Bc8 20. Re3 Nc7 21. Rg3 Qh5 22. Rd2 Bxf5 23. Qxf5 Qxh4 24. Rh3 Qe4 25. Rxh7+ Kg8 26. Qxe4 dxe4 27. Rxc7 Rfc8 28. Rdd7 Rxc7 29. Rxc7 Rd8 30. Kf1 Rd2 31. Rxc5 Rxb2 32. Ra5 Rc2 33. Rxa7 Rxc3 34. a4 Kf8 35. a5 f5 36. Rd7 f4 37. a6 f3 38. gxf3 exf3 39. Ke1 e4 40. a7 Ra3 41. Rd8+ 1-0

[Event "Bratto op-B 27th"]
[Site "Bratto"]
[Date "2007.08.25"]
[Round "2"]
[White "Spano Cuomo, Gaetano"]
[Black "Tafur, Abel"]
[Result "1/2-1/2"]
[WhiteElo "1861"]
[BlackElo "1984"]
[PlyCount "95"]
[EventDate "2007.08.24"]
[EventType "swiss"]
[EventRounds "8"]
[EventCountry "ITA"]
[SourceTitle "CBM 120 Extra"]
[Source "ChessBase"]
[SourceDate "2007.11.01"]
[SourceVersion "1"]
[SourceVersionDate "2007.11.01"]
[SourceQuality "1"]

1. d4 Nf6 2. c4 g6 3. Nc3 Bg7 4. e4 d6 5. Nf3 0-0 6. Be2 Nc6 7. 0-0 e5 8. d5 Ne7 9. Bd2 Ne8 10. Ne1 f5 11. f3 f4 12. Nd3 g5 13. g4 fxg3 14. Bxg5 gxh2+ 15. Kxh2 Qd7 16. Rf2 Ng6 17. Kg1 h6 18. Be3 Nh4 19. Rh2 Qe7 20. Bf2 Qg5+ 21. Kh1 Ng6 22. Qg1 Qxg1+ 23. Rxg1 Kh7 24. Rhg2 Nf4 25. Nxf4 exf4 26. Bd3 Be5 27. Nb5 a6 28. Nd4 Ng7 29. Ne2 Rf7 30. Bd4 Bd7 31. Bxe5 dxe5 32. b4 Nh5 33. Rh2 Nf6 34. Nxf4 Rg8 35. Rxg8 Nxg8 36. Nh3 Kg7 37. Kg2 Rf6 38. c5 Ne7 39. a4 Ng6 40. Kf2 Bxh3 41. Rxh3 Nf4 42. Rg3+ Kf8 43. Bf1 Kf7 44. Ke3 Ng6 45. Bh3 Nf4 46. Bc8 b6 47. cxb6 Rxb6 48. b5 1/2-1/2

[Event "Bratto op-B 27th"]
[Site "Bratto"]
[Date "2007.08.24"]
[Round "1"]
[White "Antolini, Aldo"]
[Black "Spano Cuomo, Gaetano"]
[Result "0-1"]
[WhiteElo "1642"]
[BlackElo "1861"]
[PlyCount "118"]
[EventDate "2007.08.24"]
[EventType "swiss"]
[EventRounds "8"]
[EventCountry "ITA"]
[SourceTitle "CBM 120 Extra"]
[Source "ChessBase"]
[SourceDate "2007.11.01"]
[SourceVersion "1"]
[SourceVersionDate "2007.11.01"]
[SourceQuality "1"]

1. d4 d5 2. Nf3 Bf5 3. e3 e6 4. Nbd2 Nf6 5. Be2 Bd6 6. b3 Nbd7 7. Bb2 0-0 8. Ne5 Ne8 9. g4 Be4 10. Nxe4 dxe4 11. Qd2 Qe7 12. 0-0-0 Rd8 13. Kb1 c6 14. f4 Nc7 15. c4 Nxe5 16. fxe5 Bxe5 17. Qc2 Bf6 18. Qxe4 g6 19. Rhf1 Bg7 20. Rh1 f5 21. gxf5 Rxf5 22. Bg4 Rf2 23. h4 Rdf8 24. c5 Nd5 25. Bxe6+ Kh8 26. Bxd5 Qc7 27. Bc4 Rxb2+ 28. Kxb2 Rf2+ 29. Kc3 Qa5+ 30. Kd3 Qxa2 31. Qe8+ Bf8 32. Qxf8+ Rxf8 33. Rhf1 Rxf1 34. Rxf1 b5 35. cxb6 axb6 36. Rf7 b5 37. Be6 Qb1+ 38. Ke2 Qe4 39. Rf8+ Kg7 40. Rg8+ Kf6 41. Rf8+ Kxe6 42. Re8+ Kf5 43. Rxe4 Kxe4 44. b4 h6 45. Kf2 g5 46. h5 g4 47. Kg3 Kxe3 48. Kxg4 Ke4 49. Kg3 Kxd4 50. Kf4 c5 51. bxc5 Kxc5 52. Kf5 b4 53. Kg6 b3 54. Kxh6 b2 55. Kg7 b1Q 56. h6 Kd6 57. h7 Ke7 58. h8Q Qg1+ 59. Kh7 Kf7 0-1